000 01072nam a2200241Ia 4500
001 232.914-LUC va gi (13945)
003 IT-MiSPE
008 171229s9999||||xx |||||||||||||| ||und||
040 _aIT-MiSPE
_cIT-MiSPE
041 _aITALIANO
100 _aVasco Lucarelli
245 0 _aVieni da me sul monte
_bStoria dei grandi pellegrinaggi al Santuario di Montenero
250 _a1a ed. (v)
260 _aCinisello B.mo
_bSan Paolo
_c2002
300 _a285 p.
_c21 cm
490 _aPellegrini
_v15
500 _aMariologia - Santuari
501 _aEdizioni San Paolo srl - Piazza Soncino, 5 - 20092 CINISELLO BALSAMO (MI) (non commercial uses only) ® Copyright 2018
520 _aTav.
942 _cBK
957 _71
999 _a321
_bNO
_g Copie: 1
_c340508
_d340508